Bez czego nie wyobraża sobie kuchni współczesna rodzina? - Statystyki

Ogólne statystyki
  • Ten quiz został rozwiązany 5 razy
  • Średni wynik to 5 z 8
Statystyki odpowiedzi
Hint Odpowiedź % Poprawnych
1. lodówki
100%
2. mikrofalówki
100%
4. ekspresu do kawy
75%
3. zmywarki
75%
6. blendera
50%
8. robota kuchennego
50%
5. płyty indukcyjnej
25%
7. airfrayera
0%
Nie znaleziono quizów pasujących do podanych kryteriów
Rozkład punktacji
Procent ludzi z każdym wynikiem
Percentyl według liczby udzielonych odpowiedzi
Twoja historia wyników
Nie rozwiązałeś tego quizu